The Exorcist : (Record no. 25088)

MARC details
000 -LEADER
fixed length control field 01791nam a22003497a 4500
003 - CONTROL NUMBER IDENTIFIER
control field dpl
005 - DATE AND TIME OF LATEST TRANSACTION
control field 20090312154247.0
007 - PHYSICAL DESCRIPTION FIXED FIELD--GENERAL INFORMATION
fixed length control field DVD
008 - FIXED-LENGTH DATA ELEMENTS--GENERAL INFORMATION
fixed length control field 050907s2005 cau105 g 00| 0 eng d
010 ## - LIBRARY OF CONGRESS CONTROL NUMBER
LC control number DVD-001727-1728
024 ## - OTHER STANDARD IDENTIFIER
Standard number or code 7.02.3.01.125.08
Terms of availability 199.00
035 ## - SYSTEM CONTROL NUMBER
System control number DVD-001727-1728
040 ## - CATALOGING SOURCE
Original cataloging agency DPL
Transcribing agency DPL
092 ## - LOCALLY ASSIGNED DEWEY CALL NUMBER (OCLC)
Classification number DVD / EXOR
245 ## - TITLE STATEMENT
Title The Exorcist :
Medium [videorecording] DVD /
Statement of responsibility, etc Big Home Video Presents
Remainder of title the bigning /
260 ## - PUBLICATION, DISTRIBUTION, ETC. (IMPRINT)
Name of publisher, distributor, etc Big Home Video
300 ## - PHYSICAL DESCRIPTION
Extent 2 videodisc VCD;
Other physical details sd., col. ;
Dimensions 4-3/4 in.
Type of unit VCD
500 ## - GENERAL NOTE
General note Go back to where the horror began
500 ## - GENERAL NOTE
General note The very first encounter with the ultimate terror.
508 ## - CREATION/PRODUCTION CREDITS NOTE
Creation/production credits note Director of photography, Oliver Wood ; art directors, Shepherd Frankel, Don Macaulay ; editor, William Hoy ; music, Miri Ben-Ari, John Ottman ; costume designer, Jose Fernandez, Wendy Partridge ; production designer, Bill Boes ; visual effects supervisors
538 ## - SYSTEM DETAILS NOTE
System details note Dolby digital 5.1, English Subtitles in English
538 ## - SYSTEM DETAILS NOTE
System details note Aspect Ratio 2:40.1,Presentation Type: Wide Screen, Presentation Size: 16x9, Format: DVD 9 Dual Layer Single Sided Disc. Layer Transition may trigger a slight pause.
650 ## - SUBJECT ADDED ENTRY--TOPICAL TERM
Topical term or geographic name as entry element Motion Picture
700 ## - ADDED ENTRY--PERSONAL NAME
Personal name Scorrupco, Zabella
700 ## - ADDED ENTRY--PERSONAL NAME
Personal name D'Arcy, James
700 ## - ADDED ENTRY--PERSONAL NAME
Personal name Rabin, Trevor
700 ## - ADDED ENTRY--PERSONAL NAME
Personal name Reichle, Luke
942 ## - ADDED ENTRY ELEMENTS (KOHA)
Koha item type CD-ROMs, DVDs, VHS
Source of classification or shelving scheme Dewey Decimal Classification
Classification part DVD
Call number suffix EXOR
Holdings
Withdrawn status Lost status Source of classification or shelving scheme Damaged status Not for loan Home library Current library Date acquired Source of acquisition Cost, normal purchase price Total Checkouts Full call number Barcode Date last seen Date checked out Copy number Cost, replacement price Price effective from Koha item type Total Renewals Checked out
    Dewey Decimal Classification     Central Library Central Library 12/03/2009 Purchase 199.00 36 DVD EXOR DVD-001727 21/02/2014 18/02/2014 1 199.00 12/03/2009 CD-ROMs, DVDs, VHS    
    Dewey Decimal Classification     Sarojini Nagar Sarojini Nagar 12/03/2009 Purchase 199.00 8 DVD EXOR DVD-001728 23/08/2010 23/08/2010 1 199.00 12/03/2009 CD-ROMs, DVDs, VHS 2 06/09/2010

© Delhi Public Library
Hit Counter
free hit counter